Úradné zprávy Slovenských železníc

Bibliographic Details
Previous Title:Úradné zprávy Ministerstva dopravy a verejných prác
Format: Journal
Language:Slovak
PhysicalDescription:5 zv. 30 cm
Published: Bratislava Ministerstvo dopravy a verejných prác 1940-1944
Subjects:

MARC

LEADER 00000cas a2200000 a 4500
001 vtls010300569
003 SK-MaSNL
005 20260228162453.0
008 110810d19401944xo sr|p 0 b0slo
040 |a SNK  |b slo  |c SNK  |e AACR2 
041 0 |a slo 
044 |a xo  |c SK 
072 7 |a 656.2  |x Železničná doprava  |2 konspekt 
072 7 |a 34  |x Právo  |2 konspekt 
080 |a 656.2  |2 2001 
080 |a 340  |2 2001 
080 |a 050  |2 2001 
245 0 0 |a Úradné zprávy Slovenských železníc 
260 |a Bratislava  |b Ministerstvo dopravy a verejných prác  |c 1940-1944 
300 |a 5 zv.  |c 30 cm 
310 |a 2x mesačne  |b 3/1940-27/1944 
321 |a Periodicita nie je známa  |b 1/1940-2/1940 
362 0 |a Roč. I, č. 1 (1940)-roč. V, č. 27 (1944) 
500 |a Redakciou a vyd. Ministerstva dopravy a verejných prác v Bratislave 
500 |a Tlač. Kníhtlač. Andreja 
650 0 7 |a železnice  |2 SNKPH  |9 20511 
650 0 7 |a zákony  |2 SNKPH  |9 1156 
655 7 |a špecializované časopisy  |2 SNKPH  |9 70509 
780 0 0 |t Úradné zprávy Ministerstva dopravy a verejných prác  |w vtls010300567 
910 |a snk 
916 |a 1940-1944 
958 |a OND 
999 |c 7922  |d 9852 
952 |0 0  |1 0  |4 0  |7 0  |8 5  |a SNK  |b SNK  |d 2024-09-02  |i snkF 1205/1968  |l 0  |o snkČSB 920/2/1941 D1  |p 17A1317436  |r 2026-02-21 19:49:29  |w 2026-02-21  |y PREZ 
952 |0 0  |1 0  |4 0  |7 0  |8 5  |a SNK  |b SNK  |d 2024-09-02  |i snkF 1206/1968  |l 0  |o snkČSB 920/3/1942 D1  |p 17A1317437  |r 2026-02-21 19:49:29  |w 2026-02-21  |y PREZ 
952 |0 0  |1 0  |4 0  |7 0  |a SNK  |b SNK  |d 2024-09-02  |i snkXI.1818/1955  |l 0  |o snkČSB 920/4/1943 D1  |p 17A1317438  |r 2026-02-21 19:49:29  |w 2026-02-21  |y PREZ 
952 |0 0  |1 0  |4 0  |7 0  |8 3  |a SNK  |b SNK  |d 2015-01-12  |f 1  |i snkČSK 282/56  |l 0  |o snkČSB 920/1/1940  |p 17A0706460  |r 2026-02-21 20:43:00  |t č. 1-21, neúpl.  |w 2026-02-21  |y PREZ  |z chýbajú č. 20, 21 
952 |0 0  |1 0  |4 0  |7 0  |8 3  |a SNK  |b SNK  |d 2015-01-12  |f 1  |i snkČSK 283/56  |l 0  |o snkČSB 920/2/1941  |p 17A0706470  |r 2026-02-21 20:43:00  |t č. 1-26  |w 2026-02-21  |y PREZ 
952 |0 0  |1 0  |4 0  |7 0  |8 3  |a SNK  |b SNK  |d 2015-01-12  |f 1  |i snkČSK 284/56  |l 0  |o snkČSB 920/3/1942  |p 17A0706443  |r 2026-02-21 20:43:00  |t č. 1-28  |w 2026-02-21  |y PREZ 
952 |0 0  |1 0  |4 0  |7 0  |8 3  |a SNK  |b SNK  |d 2015-01-12  |f 1  |i snkČSK 285/56  |l 0  |o snkČSB 920/4/1943  |p 17A0706446  |r 2026-02-21 20:43:00  |t č. 1-26  |w 2026-02-21  |y PREZ 
952 |0 0  |1 0  |4 0  |7 0  |a SNK  |b SNK  |d 2015-01-12  |f 1  |i snk201/47  |l 0  |o snkČSB 920/5/1944  |p 17A0706445  |r 2026-02-21 20:43:00  |t č. 1-27  |w 2026-02-21  |y PREZ 
952 |0 0  |1 0  |4 0  |7 0  |8 5  |a SNK  |b SNK  |d 2015-01-12  |i snkF 1204/68  |l 0  |o snkČSB 920/1/1940 D1  |p 17A1089649  |r 2026-02-21 20:43:02  |t č. 1-21, neúpl.  |w 2026-02-21  |y PREZ  |z chýbajú č. 2 a 3